000
00296nam a2200109Ia 4500
008
171211s9999 xx 000 0 und d
245
_a
Data Structures for Game Programmers
245
_c
Ron Penton
260
_c
2002
650
_x
GAMES
856
_u
http://down.ebook777.com/058/9781931841948.pdf
999
_c
348882
_d
348882